000 00889cam a2200277 4500
008 090401t1998 xxu||||| |||| 00| 0 eng d
020 _a0854069135
035 _a(Sirsi) u87158
041 _aeng
050 _a658.562
110 _aRoyal Institution of Chartered Surveyors
_94900
245 _aValue for money? the impact of competitive fee tendering on construction professional service quality.
260 _aLondon
_bRICS
_c1998
300 _aviii,111p. ; 30cm.
350 _a0
490 _aRICS Research
520 _aAVAILABLE FROM THE INTERNET
650 _aCOMPETITIVE FEE TENDERING
650 _aCONSTRUCTION INDUSTRY
650 _aSERVICE QUALITY
690 _aBUILT ENVIRONMENT
700 _aHoxley, Michael
856 _uhttps://www.rics.org/site/scripts/download_info.aspx?downloadID=2628
_zView free at www.rics.org
942 _n0
948 _c02/07/1998
999 _c97202
_d97202